[Event "HUN-chT2 Szechenyi 1516"]
[Site "Hungary"]
[Date "2015.10.04"]
[Round "2.4"]
[White "Joo, Gabor"]
[Black "Nemeth, Jozsef"]
[Result "1/2-1/2"]
[WhiteElo "2041"]
[BlackElo "2062"]
[PlyCount "24"]
[EventDate "2015.09.13"]
[EventType "team-tourn"]
[EventRounds "11"]
[EventCountry "HUN"]
[SourceTitle "CBM 170 Extra"]
[Source "ChessBase"]
[SourceDate "2016.02.25"]
[SourceVersion "1"]
[SourceVersionDate "2016.02.25"]
[SourceQuality "1"]
[WhiteTeam "HVSE Infraplan"]
[BlackTeam "Zala Volan"]
[WhiteTeamCountry "HUN"]
[BlackTeamCountry "HUN"]

1. e4 c5 2. Nf3 a6 3. c4 Nc6 4. d4 cxd4 5. Nxd4 g6 6. Nxc6 bxc6 7. Qd4 f6 8. Nc3 Bg7 9. Be3 Nh6 10. Be2 0-0 11. Qd2 Nf7 12. 0-0 d6 1/2-1/2

[Event "HUN-chT2 Szechenyi 1516"]
[Site "Hungary"]
[Date "2015.09.13"]
[Round "1.4"]
[White "Finy, Mark"]
[Black "Nemeth, Jozsef"]
[Result "0-1"]
[WhiteElo "1895"]
[BlackElo "2056"]
[PlyCount "86"]
[EventDate "2015.09.13"]
[EventType "team-tourn"]
[EventRounds "11"]
[EventCountry "HUN"]
[SourceTitle "CBM 170 Extra"]
[Source "ChessBase"]
[SourceDate "2016.02.25"]
[SourceVersion "1"]
[SourceVersionDate "2016.02.25"]
[SourceQuality "1"]
[WhiteTeam "Arboretum"]
[BlackTeam "Zala Volan"]
[WhiteTeamCountry "HUN"]
[BlackTeamCountry "HUN"]

1. d4 d5 2. c4 c6 3. cxd5 cxd5 4. Nc3 e6 5. Nf3 Be7 6. e3 Nf6 7. Bb5+ Bd7 8. Bd3 Nc6 9. 0-0 0-0 10. a3 Rc8 11. Bd2 Bd6 12. b4 a6 13. Na4 e5 14. dxe5 Nxe5 15. Nxe5 Bxe5 16. Rc1 Rxc1 17. Bxc1 Bc6 18. Nc5 h5 19. h3 Re8 20. Qc2 Qb6 21. Bb2 Bxb2 22. Qxb2 a5 23. Qc3 axb4 24. axb4 Ra8 25. Rd1 Bb5 26. Bxb5 Qxb5 27. Rd4 Qc6 28. Qb3 b6 29. Nd3 Ra1+ 30. Kh2 Qd6+ 31. g3 h4 32. Nf4 hxg3+ 33. fxg3 Qc6 34. Rd1 Rxd1 35. Qxd1 g5 36. Ne2 Qc4 37. Qe1 Ne4 38. Nd4 Qa2+ 39. Qe2 Qc4 40. Qb2 Qf1 41. Qc2 Nf2 42. Qc8+ Kg7 43. Nf5+ Kh7 0-1

[Event "HUN-chT2 Szechenyi 1415"]
[Site "Hungary"]
[Date "2015.03.22"]
[Round "10.4"]
[White "Joo, Gabor"]
[Black "Nemeth, Jozsef"]
[Result "1/2-1/2"]
[WhiteElo "2050"]
[BlackElo "2068"]
[PlyCount "22"]
[EventDate "2014.09.07"]
[EventType "team-tourn"]
[EventRounds "11"]
[EventCountry "HUN"]
[SourceTitle "EXT 2016"]
[Source "ChessBase"]
[SourceDate "2015.10.08"]
[SourceVersion "1"]
[SourceVersionDate "2015.10.08"]
[SourceQuality "1"]
[WhiteTeam "HVSE Infraplan"]
[BlackTeam "Zala Volan"]
[WhiteTeamCountry "HUN"]
[BlackTeamCountry "HUN"]

1. e4 c5 2. Nf3 Nc6 3. d4 cxd4 4. Nxd4 g6 5. Nc3 Bg7 6. Be3 Nf6 7. Be2 0-0 8. 0-0 d6 9. Kh1 Bd7 10. f4 Nxd4 11. Bxd4 Bc6 1/2-1/2

[Event "HUN-chT2 Szechenyi 1314"]
[Site "Hungary"]
[Date "2013.11.17"]
[Round "5.5"]
[White "Ongai, Erik"]
[Black "Nemeth, Jozsef"]
[Result "1-0"]
[WhiteElo "2033"]
[BlackElo "2099"]
[PlyCount "103"]
[EventDate "2013.09.08"]
[EventType "team-tourn"]
[EventRounds "11"]
[EventCountry "HUN"]
[SourceTitle "EXT 2016"]
[Source "ChessBase"]
[SourceDate "2015.10.08"]
[SourceVersion "1"]
[SourceVersionDate "2015.10.08"]
[SourceQuality "1"]
[WhiteTeam "Sarvar"]
[BlackTeam "Zala Volan"]
[WhiteTeamCountry "HUN"]
[BlackTeamCountry "HUN"]

1. e4 c5 2. Nf3 Nc6 3. d4 cxd4 4. Nxd4 g6 5. Be3 Bg7 6. Nc3 Nf6 7. Nxc6 bxc6 8. e5 Nd5 9. Nxd5 cxd5 10. Qxd5 Rb8 11. Bd4 Qc7 12. Qc4 Qxc4 13. Bxc4 d6 14. f4 0-0 15. 0-0-0 dxe5 16. Bxe5 Bxe5 17. fxe5 Bf5 18. Rhe1 Rfc8 19. b3 Rc5 20. Rd4 h5 21. e6 Bxe6 22. Bxe6 fxe6 23. Rd7 Rbc8 24. c4 R8c7 25. Rxc7 Rxc7 26. Rxe6 Kf7 27. Re2 Kf6 28. Kc2 e5 29. Kc3 Kf5 30. b4 h4 31. h3 Kf4 32. c5 e4 33. Kc4 e3 34. b5 Ke4 35. a4 Rd7 36. b6 axb6 37. cxb6 Rd4+ 38. Kc3 Rd3+ 39. Kc2 Rd6 40. a5 Rc6+ 41. Kb3 Rc8 42. b7 Rb8 43. a6 Kd3 44. Re1 e2 45. Ra1 Kd2 46. Kc4 e1Q 47. Rxe1 Kxe1 48. a7 Rxb7 49. a8Q Re7 50. Qa1+ Kd2 51. Qc3+ Ke2 52. Qd3+ 1-0

[Event "HUN-chT2 Szechenyi 1314"]
[Site "Hungary"]
[Date "2013.10.20"]
[Round "3.6"]
[White "Nemeth, Jozsef"]
[Black "Palla, Gyorgy"]
[Result "0-1"]
[WhiteElo "2099"]
[BlackElo "2081"]
[PlyCount "66"]
[EventDate "2013.09.08"]
[EventType "team-tourn"]
[EventRounds "11"]
[EventCountry "HUN"]
[SourceTitle "EXT 2016"]
[Source "ChessBase"]
[SourceDate "2015.10.08"]
[SourceVersion "1"]
[SourceVersionDate "2015.10.08"]
[SourceQuality "1"]
[WhiteTeam "Zala Volan"]
[BlackTeam "Balatonfuered"]
[WhiteTeamCountry "HUN"]
[BlackTeamCountry "HUN"]

1. d4 Nf6 2. c4 e6 3. Nc3 d5 4. cxd5 exd5 5. Bg5 Be7 6. e3 0-0 7. Bd3 c6 8. Qc2 h6 9. Bh4 Re8 10. Nge2 Nbd7 11. h3 Ne4 12. Bxe7 Qxe7 13. Bxe4 dxe4 14. g4 Nf6 15. 0-0-0 Nd5 16. Nxd5 cxd5 17. Kb1 b6 18. Nf4 Qd6 19. Qb3 Rd8 20. Rhg1 g5 21. Nh5 Ba6 22. Rc1 Bc4 23. Qd1 Rac8 24. Ng3 Rc6 25. Nf5 Qb4 26. a3 Qf8 27. h4 Rdc8 28. Ka1 b5 29. b4 a5 30. Qd2 Ra8 31. Rb1 axb4 32. Rxb4 Rxa3+ 33. Kb1 Rca6 0-1

[Event "HUN-chT2 Szechenyi 1213"]
[Site "Hungary"]
[Date "2013.04.07"]
[Round "10.4"]
[White "Nemeth, Jozsef"]
[Black "Domonkos, Daniel"]
[Result "1-0"]
[WhiteElo "2066"]
[BlackElo "2040"]
[PlyCount "57"]
[EventDate "2012.09.16"]
[EventType "team-tourn"]
[EventRounds "11"]
[EventCountry "HUN"]
[SourceTitle "EXT 2014"]
[Source "ChessBase"]
[SourceDate "2013.11.20"]
[SourceVersion "1"]
[SourceVersionDate "2013.11.20"]
[SourceQuality "1"]
[WhiteTeam "Zala Volan"]
[BlackTeam "Veszprem"]
[WhiteTeamCountry "HUN"]
[BlackTeamCountry "HUN"]

1. d4 d5 2. c4 e6 3. Nc3 Nf6 4. cxd5 exd5 5. Bg5 Be7 6. e3 0-0 7. Bd3 Nbd7 8. Qc2 h6 9. Bh4 c6 10. Nge2 Re8 11. h3 Nf8 12. g4 N6h7 13. Bxe7 Qxe7 14. 0-0-0 b5 15. Ng3 a5 16. Nce2 Bd7 17. Kb1 Rec8 18. Nf5 Bxf5 19. Bxf5 Rc7 20. Nf4 g6 21. Bd3 g5 22. Bxh7+ Nxh7 23. Nd3 Nf6 24. h4 Qe4 25. hxg5 hxg5 26. f3 Qe7 27. Qh2 Kf8 28. Qh6+ Ke8 29. Qh8+ 1-0

[Event "HUN-chT2 Szechenyi 1213"]
[Site "Hungary"]
[Date "2013.02.17"]
[Round "7.5"]
[White "Ugroczky, Peter"]
[Black "Nemeth, Jozsef"]
[Result "1/2-1/2"]
[WhiteElo "1807"]
[BlackElo "2066"]
[PlyCount "43"]
[EventDate "2012.09.16"]
[EventType "team-tourn"]
[EventRounds "11"]
[EventCountry "HUN"]
[SourceTitle "EXT 2014"]
[Source "ChessBase"]
[SourceDate "2013.11.20"]
[SourceVersion "1"]
[SourceVersionDate "2013.11.20"]
[SourceQuality "1"]
[WhiteTeam "Haladas III"]
[BlackTeam "Zala Volan"]
[WhiteTeamCountry "HUN"]
[BlackTeamCountry "HUN"]

1. e4 c5 2. Nf3 a6 3. c4 Nc6 4. d4 cxd4 5. Nxd4 Nf6 6. Nc3 g6 7. Nxc6 bxc6 8. Be2 d6 9. 0-0 Bg7 10. Be3 0-0 11. Bf3 Qc7 12. c5 Rd8 13. cxd6 Qxd6 14. Qc2 Bg4 15. Rfd1 Qe5 16. Qe2 Bxf3 17. Qxf3 Qa5 18. Rac1 Rab8 19. Rxd8+ Rxd8 20. b3 Qb4 21. Rc2 a5 22. Bg5 1/2-1/2

[Event "HUN-chT2 Szechenyi 1213"]
[Site "Hungary"]
[Date "2012.11.18"]
[Round "4.6"]
[White "Rot, Norbert"]
[Black "Nemeth, Jozsef"]
[Result "0-1"]
[WhiteElo "1840"]
[BlackElo "2066"]
[PlyCount "70"]
[EventDate "2012.09.16"]
[EventType "team-tourn"]
[EventRounds "11"]
[EventCountry "HUN"]
[SourceTitle "EXT 2014"]
[Source "ChessBase"]
[SourceDate "2013.11.20"]
[SourceVersion "1"]
[SourceVersionDate "2013.11.20"]
[SourceQuality "1"]
[WhiteTeam "Peti MTE"]
[BlackTeam "Zala Volan"]
[WhiteTeamCountry "HUN"]
[BlackTeamCountry "HUN"]

1. e4 c5 2. Nf3 Nc6 3. d4 cxd4 4. Nxd4 g6 5. Nc3 Bg7 6. Be3 Nf6 7. f3 0-0 8. Bc4 Qb6 9. Qd2 Nxe4 10. fxe4 Bxd4 11. Bxd4 Qxd4 12. Qxd4 Nxd4 13. 0-0-0 Nc6 14. Nd5 Kg7 15. Rhf1 f6 16. Rf2 Rb8 17. Rdf1 b5 18. Bb3 d6 19. h3 Rb7 20. g4 Nd4 21. c3 Nxb3+ 22. axb3 g5 23. b4 h5 24. gxh5 Bxh3 25. Rh1 Be6 26. Ne3 Rh8 27. Kd2 Rd7 28. Nf5+ Bxf5 29. exf5 Kh6 30. Re2 g4 31. Rd1 Rh7 32. Ke3 Kg5 33. Ke4 d5+ 34. Kd4 Kxf5 35. Kc5 e5 0-1

[Event "HUN-chT2 Szechenyi 1112"]
[Site "Hungary"]
[Date "2012.05.20"]
[Round "11.6"]
[White "Nemeth, Jozsef"]
[Black "Fekete, Lajos"]
[Result "1-0"]
[WhiteElo "2066"]
[BlackElo "1898"]
[PlyCount "59"]
[EventDate "2011.09.25"]
[EventType "team-tourn"]
[EventRounds "11"]
[EventCountry "HUN"]
[SourceTitle "EXT 2013"]
[Source "ChessBase"]
[SourceDate "2012.11.22"]
[SourceVersion "1"]
[SourceVersionDate "2012.11.22"]
[SourceQuality "1"]
[WhiteTeam "Zala Volan"]
[BlackTeam "Pet"]
[WhiteTeamCountry "HUN"]
[BlackTeamCountry "HUN"]

1. d4 Nf6 2. c4 e6 3. Nc3 d5 4. cxd5 exd5 5. Bg5 c6 6. e3 Be7 7. Bd3 Bg4 8. Qc2 Bh5 9. Nge2 Bg6 10. Bxg6 fxg6 11. Nf4 0-0 12. Ne6 Qd6 13. Nxf8 Kxf8 14. Bf4 Qe6 15. 0-0 Nbd7 16. Rfe1 Nh5 17. Bg3 Nxg3 18. hxg3 Bf6 19. Rad1 c5 20. dxc5 Nxc5 21. Nxd5 Rc8 22. Nxf6 gxf6 23. Rc1 Rc6 24. b4 Ne4 25. Qb2 Rxc1 26. Rxc1 a6 27. Rc7 h5 28. Rxb7 Qd5 29. Rb8+ Ke7 30. Qd4 1-0

[Event "HUN-chT2 Szechenyi 1011"]
[Site "Hungary"]
[Date "2010.09.26"]
[Round "2.6"]
[White "Toth, Tibor"]
[Black "Nemeth, Jozsef"]
[Result "0-1"]
[WhiteElo "1967"]
[BlackElo "2083"]
[PlyCount "68"]
[EventDate "2010.09.12"]
[EventType "team-tourn"]
[EventRounds "11"]
[EventCountry "HUN"]
[SourceTitle "EXT 2012"]
[Source "ChessBase"]
[SourceDate "2011.11.24"]
[SourceVersion "1"]
[SourceVersionDate "2011.11.24"]
[SourceQuality "1"]
[WhiteTeam "HVSE Infraplan"]
[BlackTeam "Zala Volan"]
[WhiteTeamCountry "HUN"]
[BlackTeamCountry "HUN"]

1. e4 c5 2. Nf3 Nc6 3. d4 cxd4 4. Nxd4 g6 5. c4 Bg7 6. Be3 Nf6 7. Nc3 d6 8. Be2 0-0 9. 0-0 Bd7 10. Rc1 a5 11. f4 Nxd4 12. Bxd4 Bc6 13. Bf3 Nd7 14. Be3 f5 15. Qd3 Nc5 16. Bxc5 dxc5 17. Qxd8 Raxd8 18. e5 Bxf3 19. Rxf3 Rd2 20. Rf2 Rfd8 21. Rc2 Rxc2 22. Rxc2 g5 23. g3 gxf4 24. gxf4 Bh6 25. Ne2 Rd3 26. Kf2 Kf7 27. b3 Kg6 28. Nc3 Bxf4 29. Nd5 Bxe5 30. Nxe7+ Kg5 31. h4+ Kg4 32. h5 f4 33. Re2 Bd4+ 34. Kf1 Rh3 0-1

[Event "HUN-chT2 Szechenyi 0809"]
[Site "Hungary"]
[Date "2009.02.22"]
[Round "8.5"]
[White "Horvath, Jozsef3333"]
[Black "Nemeth, Jozsef"]
[Result "0-1"]
[WhiteElo "1991"]
[BlackElo "2088"]
[PlyCount "71"]
[EventDate "2008.10.26"]
[EventType "team-tourn"]
[EventRounds "11"]
[EventCountry "HUN"]
[SourceTitle "EXT 2010"]
[Source "ChessBase"]
[SourceDate "2010.11.25"]
[SourceVersion "1"]
[SourceVersionDate "2010.11.25"]
[SourceQuality "1"]
[WhiteTeam "Baki Agrocentrum"]
[BlackTeam "Zala Volan"]
[WhiteTeamCountry "HUN"]
[BlackTeamCountry "HUN"]

1. d4 d5 2. Nf3 c6 3. Bf4 e6 4. c3 Nf6 5. e3 Nh5 6. Bg3 Nxg3 7. hxg3 Nd7 8. Bd3 h6 9. Nbd2 Bd6 10. Qe2 e5 11. dxe5 Nxe5 12. Nxe5 Bxe5 13. Nf3 Bf6 14. 0-0-0 Bg4 15. Qc2 Qa5 16. Kb1 0-0-0 17. Bf5+ Bxf5 18. Qxf5+ Kb8 19. Nd4 Qc7 20. Nf3 Qb6 21. Qc2 Rhe8 22. Rhe1 a5 23. Rd3 Re4 24. Nd2 Re6 25. Rd1 c5 26. Nf3 Red6 27. Ka1 Qc6 28. R3d2 Qb6 29. Qf5 Qc6 30. Qf4 Ka7 31. Qf5 Qb5 32. Qc2 a4 33. c4 Qc6 34. Rxd5 Rxd5 35. Rxd5 Rxd5 36. cxd5 0-1

[Event "HUN-chT2 Szechenyi 0708"]
[Site "Hungary"]
[Date "2008.03.16"]
[Round "8"]
[White "Finy, Mark"]
[Black "Nemeth, Jozsef"]
[Result "0-1"]
[WhiteElo "1752"]
[BlackElo "2111"]
[PlyCount "114"]
[EventDate "2007.10.14"]
[EventType "team"]
[EventRounds "11"]
[EventCountry "HUN"]
[SourceTitle "EXT 2009"]
[Source "ChessBase"]
[SourceDate "2008.11.26"]
[SourceVersion "1"]
[SourceVersionDate "2008.11.26"]
[SourceQuality "1"]
[WhiteTeam "Arboretum"]
[BlackTeam "Zala Volan"]
[WhiteTeamCountry "HUN"]
[BlackTeamCountry "HUN"]

1. d4 d5 2. c4 c6 3. cxd5 cxd5 4. Nf3 Nf6 5. Nc3 e6 6. a3 Be7 7. e3 0-0 8. Bd3 b6 9. 0-0 Bb7 10. b3 Nbd7 11. Bb2 Rc8 12. Rc1 Re8 13. Ne2 Ne4 14. Rxc8 Qxc8 15. Qc1 Qb8 16. Qb1 Ndf6 17. h3 Rc8 18. Rc1 Rc7 19. Rxc7 Qxc7 20. Qc1 Qd8 21. Qc2 Bd6 22. Qc1 h6 23. Qc2 g5 24. Bxe4 Nxe4 25. Nd2 Nxd2 26. Qxd2 Bb8 27. Qc2 Qd6 28. g3 Qd7 29. f4 Ba6 30. Kg2 Qb5 31. Kf2 Bd6 32. a4 Qd7 33. Ng1 b5 34. Nf3 f6 35. Qg6+ Qg7 36. Qe8+ Qf8 37. Qxe6+ Kg7 38. axb5 Bxb5 39. Qxd5 Qb8 40. Nd2 gxf4 41. gxf4 Be8 42. Ne4 Bxf4 43. Qe6 Bg5 44. Nxg5 hxg5 45. d5 Qh2+ 46. Kf3 Bh5+ 47. Ke4 Qc2+ 48. Kd4 Qxb2+ 49. Kc4 Qc2+ 50. Kb4 Qd2+ 51. Kc4 Be2+ 52. Kc5 Qa5+ 53. Kd6 Qb6+ 54. Ke7 Qc7+ 55. Qd7 Qxd7+ 56. Kxd7 Bf1 57. Ke7 Bxh3 0-1

[Event "HUN-chT2 Szechenyi 0607"]
[Site "Hungary"]
[Date "2007.05.20"]
[Round "11"]
[White "Domotor, Jozsef"]
[Black "Nemeth, Jozsef"]
[Result "0-1"]
[WhiteElo "2092"]
[BlackElo "2116"]
[PlyCount "69"]
[EventDate "2006.11.12"]
[EventType "team"]
[EventRounds "11"]
[EventCountry "HUN"]
[SourceTitle "EXT 2008"]
[Source "ChessBase"]
[SourceDate "2007.11.25"]
[SourceVersion "1"]
[SourceVersionDate "2007.11.25"]
[SourceQuality "1"]
[WhiteTeam "Kertvaros"]
[BlackTeam "Zala Volan"]
[WhiteTeamCountry "HUN"]
[BlackTeamCountry "HUN"]

1. d4 d5 2. c4 c6 3. Nf3 e6 4. Nc3 Nf6 5. Qb3 dxc4 6. Qxc4 b5 7. Qb3 a6 8. g3 Bb7 9. Bg2 c5 10. dxc5 Nbd7 11. c6 Bxc6 12. 0-0 Bc5 13. Bg5 h6 14. Bf4 0-0 15. Rad1 Qb6 16. Bd6 Rfd8 17. Bxc5 Nxc5 18. Qb4 a5 19. Qh4 b4 20. Nb1 Rac8 21. Nbd2 Bd5 22. Nc4 Qb5 23. Nfe5 Nce4 24. Bxe4 Nxe4 25. Ne3 Qxe2 26. Qe7 Ng5 27. Nxd5 Rxd5 28. Rde1 Qxb2 29. h4 Rxe5 30. hxg5 hxg5 31. Rd1 Rf5 32. Kg2 Qxa2 33. Rd8+ Rxd8 34. Qxd8+ Kh7 35. g4 0-1

[Event "HUN-chT2 Szechenyi 0607"]
[Site "Hungary"]
[Date "2007.04.15"]
[Round "8"]
[White "Katona, Janos"]
[Black "Nemeth, Jozsef"]
[Result "1/2-1/2"]
[WhiteElo "2050"]
[BlackElo "2116"]
[PlyCount "25"]
[EventDate "2006.11.12"]
[EventType "team"]
[EventRounds "11"]
[EventCountry "HUN"]
[SourceTitle "EXT 2008"]
[Source "ChessBase"]
[SourceDate "2007.11.25"]
[SourceVersion "1"]
[SourceVersionDate "2007.11.25"]
[SourceQuality "1"]
[WhiteTeam "Sarvar"]
[BlackTeam "Zala Volan"]
[WhiteTeamCountry "HUN"]
[BlackTeamCountry "HUN"]

1. d4 c5 2. d5 e5 3. c4 d6 4. e4 f5 5. exf5 Bxf5 6. Nc3 Nf6 7. Bg5 Be7 8. Nge2 0-0 9. Ng3 Bg6 10. Be2 Rf7 11. 0-0 Nxd5 12. Qxd5 Bxg5 13. Bg4 1/2-1/2